TOP 100 Klubowy ranking UEFA w 2010 roku - Statystyki

Ogólne statystyki
  • Ten quiz został rozwiązany 206 razy
  • Średni wynik to 38 z 100
Statystyki odpowiedzi
# kraj klub % Poprawnych
13 ESP Real Madryt
94%
1 ESP Barcelona
91%
2 ENG Manchester United
89%
6 GER Bayern Monachium
86%
64 ENG Manchester City
85%
5 ENG Liverpool
83%
47 FRA PSG
79%
8 ITA Inter Mediolan
76%
23 ESP Atletico Madryt
75%
4 ENG Arsenal Londyn
74%
3 ENG Chelsea Londyn
71%
9 ITA Milan
71%
7 ESP Sevilla
69%
27 ITA Juventus Turyn
66%
32 NED Ajax Amsterdam
64%
14 ITA Roma
62%
20 ESP Valencia
62%
15 POR Porto
61%
30 ENG Tottenham
61%
17 POR Benfica Lizbona
58%
53 SCO Celtic
58%
28 POR Sporting Lizbona
58%
26 RUS Zenit
55%
46 GER Bayer Leverkusen
54%
44 UKR Dynamo Kijów
53%
10 FRA Olympique Lyon
50%
16 UKR Szachtar Donieck
50%
45 BEL Anderlecht
49%
21 RUS CSKA Moskwa
49%
43 TUR Galatasaray
49%
90 ITA Lazio Rzym
49%
31 SCO Rangers
47%
35 GER Schalke 04
47%
25 FRA Olympique Marsylia
46%
42 ENG Everton
45%
22 NED PSV Eindhoven
45%
18 ESP Villarreal
44%
41 FRA Lille
43%
95 FRA Monaco
43%
51 GER Wolfsburg
43%
38 SUI Basel
42%
63 RUS Spartak Moskwa
42%
24 ITA Fiorentina
41%
60 DEN Kopenhaga
41%
88 ESP Athletic Bilbao
39%
72 CZE Slavia Praga
39%
74 CZE Sparta Praga
39%
11 GER Werder Brema
39%
77 GRE AEK
38%
62 TUR Besiktas
38%
40 ROM Steaua Bukareszt
37%
48 POR Braga
36%
34 TUR Fenerbahce
36%
78 ENG Aston Villa
35%
57 BEL Club Brugge
33%
29 GRE Panathinaikos
33%
76 ESP Real Betis
33%
19 FRA Bordeaux
32%
69 ITA Sampdoria
30%
92 ITA Parma
29%
49 ENG Fulham
28%
33 GRE Olympiacos
28%
91 ESP Deportivo
27%
59 GER Hertha Berlin
27%
37 GER Stuttgart
26%
12 GER Hamburger SV
25%
67 BEL Standard Liege
25%
50 ITA Udinese
25%
61 ESP Getafe
23%
65 ENG Newcastle United
23%
58 ITA Palermo
23%
87 NOR Rosenborg
22%
84 NED Twente
22%
94 RUS Rubin Kazan
21%
80 FRA Saint Etienne
21%
75 ESP Celta Vigo
20%
79 RUS Lokomotiw Moskwa
20%
100 ISR Maccabi Hajfa
20%
99 AUT Redbull Salzburg
20%
66 FRA Lens
19%
70 ENG Blackburn
17%
36 ESP Espanyol Barcelona
17%
39 NED Alkmaar
16%
54 ESP Osasuna
16%
96 SUI Zurich
14%
73 ISR Hapoel Tel Awiw
13%
52 ENG Bolton
12%
56 ROM Rapid Bukareszt
12%
85 DEN Aalborg
10%
83 BUL Lewski
10%
71 ROM Dinamo Bukareszt
9%
68 NED Heerenveen
8%
82 UKR Metalist Charków
8%
55 ENG Middlesbrough
8%
93 ENG Portsmouth
8%
86 FRA Strasbourg
7%
89 ESP Racing Santander
6%
98 GER Nurnberg
5%
97 ITA Livorno
4%
81 FRA Nancy
1%
Nie znaleziono quizów pasujących do podanych kryteriów
Rozkład punktacji
Procent ludzi z każdym wynikiem
Percentyl według liczby udzielonych odpowiedzi
Twoja historia wyników
Nie rozwiązałeś tego quizu